000 00342nam a22001457a 4500
999 _c260582
_d260581
003 OSt
005 20230907092423.0
008 230907b xxu||||| |||| 00| 0 eng d
020 _a0130340774
040 _cN/A
100 _aDiane Rapaport
245 _aMusic Business Primer
260 _aNew Delhi
_bPrentice Hall
_c2002
942 _2lcc
_cBK